| 000 | 00374nam a2200133Ia 4500 | ||
|---|---|---|---|
| 008 | 240624s9999 xx 000 0 und d | ||
| 041 | _aeng | ||
| 082 | _a330.0954 AHL | ||
| 100 | _aAHLUWALIA ISHER JUDGE | ||
| 245 | _aINDIA S ECONOMIC REFORMS AND DEVELOPMENT | ||
| 260 |
_c2007 _aNew Delhi _bOxford University press |
||
| 300 | _aviii, : 414 : p. : cm. ; 18 | ||
| 365 |
_cRS _b30 |
||
| 999 |
_c8451 _d8451 |
||